Aplikovaná poistná štatistika

Salvato in:
Dettagli Bibliografici
Autore principale: Pacáková, Viera
Natura: Libro
Lingua:slovacco
Pubblicazione: Bratislava Vydavateľstvo Ekonóm 1998
Soggetti:
Tags: Aggiungi Tag
Nessun Tag, puoi essere il primo ad aggiungerne!!

MARC

LEADER 00000nam a2200000 4500
001 c100732
005 20221123132534.3
020 |a 80-225-0936-1 
041 0 |a slo 
044 |a SK 
245 1 0 |a Aplikovaná poistná štatistika  |c Viera Pacáková 
264 1 |a Bratislava  |b Vydavateľstvo Ekonóm  |c 1998 
300 |a 172 s. 
610 2 0 |a poisťovníctvo 
610 2 0 |a poistenie 
610 2 0 |a štatistika 
610 2 0 |a odhady 
610 2 0 |a riziko 
610 2 0 |a modely 
610 2 0 |a škody 
610 2 0 |a matematika poistná 
610 2 0 |a pravdepodobnosť 
610 2 0 |a metódy štatistické 
100 1 |a Pacáková, Viera